header

Notre-Dame de Paris (Record no. 129816)

MARC details
000 -LEADER
fixed length control field 01433nam a2200349Ia 4500
100 1# - MAIN ENTRY--AUTHOR NAME
Personal name Hugo, Victor,
245 10 - TITLE STATEMENT
Title Notre-Dame de Paris
260 ## - PUBLICATION, DISTRIBUTION, ETC. (IMPRINT)
Place of publication Oxford ;
-- New York :
Name of publisher Oxford University Press,
Year of publication 1999.
300 ## - PHYSICAL DESCRIPTION
Number of Pages xxx, 561 p.
490 1# - SERIES STATEMENT
Series statement Oxford world's classics
650 #0 - SUBJECT ADDED ENTRY--TOPICAL TERM
Topical Term French fiction.
700 1# - ADDED ENTRY--PERSONAL NAME
Personal name Krailsheimer, A. J.
856 40 - ELECTRONIC LOCATION AND ACCESS
Uniform Resource Identifier http://site.ebrary.com/lib/rucke/Doc?id=10464126

No items available.

© 2026 Rongo University
Contact us: librarian | system librarian | Rongo university